| 000 | 01032nam a2200277Ia 4500 | ||
|---|---|---|---|
| 003 | OSt | ||
| 005 | 20221005102829.0 | ||
| 006 | a|||||r|||| 00| 0 | ||
| 007 | ta | ||
| 008 | 221004b |||||||| |||| 00| 0 hin d | ||
| 020 |
_a9788123760261 (pbk) _cINR 65.00 |
||
| 024 | _a38735 | ||
| 037 |
_bBW/1662, 14/03/2018, Bookwell _cTextual |
||
| 040 |
_aCRL _cCRL _bhin |
||
| 041 |
_2hin _ahin |
||
| 082 | _aV2:51, 152Q1 | ||
| 100 | _aराम सिंह, ले. | ||
| 245 | 0 | _aडोगरा शूटिंग और मेरा संघर्ष | |
| 246 | _aḌogarā shūṭianga aur merā sangharṣha | ||
| 260 |
_aआगरा _bराष्ट्रीय पुस्तक न्यास भारत _c2011 |
||
| 300 |
_a87पृ0 _ccm. |
||
| 650 | _a स्वतंत्रता सेनानी | ||
| 650 |
_aभारत-इतिहास _9156353 |
||
| 942 |
_hV2:51, 152Q1 _cTEXL _2cc |
||
| 999 |
_c1009015 _d1009015 |
||